| 000 | 01082nam a2200289 i 4500 | ||
|---|---|---|---|
| 001 | bg | ||
| 100 | 1 |
_aBabiarz, Stanisław _d(1931- ). |
|
| 245 | 1 | 0 |
_aKronika awarii i katastrof maszyn podstawowych w polskim górnictwie odkrywkowym / _cStanisław Babiarz, Dionizy Dudek. |
| 260 |
_aWrocław : _bOficyna Wydawnicza Politechniki Wrocławskiej, _c2007. |
||
| 300 |
_a582 s. : _bil. (w tym kolor.) ; _c25 cm. |
||
| 504 | _aBibliogr. s. 573-582. | ||
| 650 | 9 |
_aGórnictwo odkrywkowe _xnarzędzia i maszyny _xobsługa i eksploatacja |
|
| 650 | 9 |
_aGórnictwo odkrywkowe _zPolska _y20-21 w. |
|
| 650 | 9 |
_aNiezawodność urządzeń _xgórnictwo |
|
| 650 | 9 |
_aWęgiel brunatny _xgórnictwo _xnarzędzia i maszyny _xobsługa i eksploatacja |
|
| 650 | 9 |
_aWęgiel brunatny _xgórnictwo _zPolska _y20-21 w. |
|
| 700 | 1 |
_aDudek, Dionizy _d(1943- ). |
|
| 015 | _aPB 4642/2008 | ||
| 020 | _a9788374933209 | ||
| 040 | _cBPK | ||
| 041 | _apol | ||
| 044 | _aPOL | ||
| 080 | _a622.271-7(438)"19/20" | ||
| 920 | _a978-83-7493-320-9 | ||
| 942 | _cKS | ||
| 008 | 090518s2007 pl a |000 0 pol | ||
| 999 |
_c56373 _d56373 |
||
| 856 |
_uhttp://koha.tu.koszalin.pl/cgi-bin/koha/opac-detail.pl?biblionumber=56373 _yKatalog online BPK |
||